000 00649nam a22002057a 4500
999 _c6002
_d6002
008 161208b xxu||||| |||| 00| 0 eng d
020 _a0-273-79004-8 (pbk.)
082 _22014
_aDC 338.5
_bC26
100 _918227
_aCase, Karl E
245 _aPrinciples of microeconomics /
_cKarl E. Case, Wellesley College, Ray C. Fair
250 _aEleventh edition
260 _aBoston :
_bPearson,
_cc2014.
300 _a503 pages:
_billustrations;
_c27 cm.
500 _aIncludes glossary and index.
650 0 _918228
_aMicroeconomics
700 _918229
_aFair, Ray C
700 _918230
_aOster, Sharon M
365 _b5,298.00
_cPhp
942 _2ddc
_cDC